00599nam a22001937a 450000500170000001000150001702000260003203500140005803700090007208200140008110000240009524500560011925000060017526000490018127001090023030000190033994200280035899900190038620240614125713.0 aENG-140619 c595.00a9789357050166 aEN-124151 bDBAD a340.1124 aBhardwaj, AP967526 a2023-2024 Legal Aptitude Workbook/cBy AP Bhardwaj  a4 aNoidabPearson India Education Pvt Ltdc2024 a1st Floor, Berger Tower, Plot No. C-001/2, Sector 16BbNoidae201301mcompanysecretary.india@pearson.com avp.c25cm(pbk) 2ddccENh340.11mBHAe4 c203609d203609